Large mines and the community: socieconomic and environmental effects in latin America, Canada, and Spain

সংরক্ষণ করুন:
গ্রন্থ-পঞ্জীর বিবরন
প্রধান লেখক: McMahon, Gary (autor), Remy, Felix (Author)
বিন্যাস: গ্রন্থ
ভাষা:ইংরেজি
প্রকাশিত: Washington, D.C The World Bank 2001
বিষয়গুলি:
ট্যাগগুলো: ট্যাগ যুক্ত করুন
কোনো ট্যাগ নেই, প্রথমজন হিসাবে ট্যাগ করুন!

MARC

LEADER 00000nam a2200000 a 4500
001 UCM6483
003 CL-VaPUC
008 021108e20010000us |||||||||||||||||eng|d
082 0 4 |a 338.2  |b MCM  |2 21 
100 |a McMahon, Gary  |e autor  |9 480844 
700 0 |a Remy, Felix  |e author  |9 472399 
245 1 0 |a Large mines and the community: socieconomic and environmental effects in latin America, Canada, and Spain 
300 |a 335 p 
942 |c BK 
945 |d 20021108 00:00:00  |a cmena 
260 |a Washington, D.C  |b The World Bank  |c 2001 
650 0 |a Industria minera  |9 260256 
650 0 |a Desarrollo económico y social   |9 256320 
650 0 |a Medio ambiente  |9 257625 
651 0 |a América Latina   |9 255027 
651 7 |a CANADA  |2 CL-VaPUC  |9 472400 
651 0 |a España  |9 254926 
583 |a last modification  |c 20171218 05:10:03  |k Rodrigo Vera 
999 |c 301879  |d 301877 
952 |0 0  |1 0  |4 0  |6 338_200000000000000_MCM_2001  |7 0  |8 A  |9 361620  |a BIBGIM  |b BIBGIM  |d 2019-11-21  |i 3819493  |o 338.2 MCM 2001  |p 3819493  |r 2025-01-15  |w 2019-11-21  |y BK  |k GIM